000 01441nam a2200349 i 4500
001 bg
003 BPK
005 20211021134006.0
008 981016s1998 pl a f |001 0 pol d
015 _aPB 1998/15578
040 _aWA N
_cBPK
041 0 _apol
_beng
_bger
080 _a628.1(438)
080 _a519.8
100 1 _aBudziło, Barbara
_eAutor
245 1 0 _aMetoda wyboru technicznego rozwiązania ujęcia wody powierzchniowej /
_cBarbara Budziło.
260 _aKraków :
_bPK,
_c1998.
300 _a178 s. :
_b1 mapa, rys., wykr. ;
_c24 cm.
490 1 _aMonografia / Politechnika Krakowska im. Tadeusza Kościuszki. Inżynieria Sanitarna i Wodna.
500 _aISSN i nr serii gł. : 0860-097X ; 229.
504 _aBibliogr. s. 159-169. - Indeks.
546 _aStreszcz. ang., niem.
650 4 _aHydrotechnika
_xmodele matematyczne.
650 4 _aWisła (dorzecze)
_xhydrotechnika.
650 4 _aNiezawodność urządzeń
650 4 _aUjęcia wody
710 2 _aPolitechnika Krakowska im. Tadeusza Kościuszki
_4pbl.
830 0 _aMonografia - Politechnika Krakowska im. Tadeusza Kościuszki,
_v229.
856 _uhttp://koha.tu.koszalin.pl/cgi-bin/koha/opac-detail.pl?biblionumber=37894
_yKatalog online BPK
830 0 _aMonografia - Politechnika Krakowska im. Tadeusza Kościuszki.
_pInżynieria Sanitarna i Wodna
942 _2UKD
_cKS
999 _c37894
_d37894